Energetický manažment 2015 energetická efektívnosť a energetické služby v praxi : zborník prednášok z vedecko-odbornej konferencie : 9.-10. jún 2015, Vyhne
| Corporate Author: | |
|---|---|
| Other Authors: | |
| Format: | Conference Proceeding Software eBook |
| Language: | Slovak Czech |
| PhysicalDescription: | 1 elektronický optický disk (CD-ROM) fareb. 12 cm Vydané aj v tlačenej forme |
| Published: |
Bratislava
SSTP
2015
|
| ISBN: | 9788089216765 (elektronická kniha) |
| Edition: | Vyd.: prvé |
| Subjects: |
MARC
| LEADER | 00000nam a2200000 a 4500 | ||
|---|---|---|---|
| 001 | vtls011555387 | ||
| 003 | SK-MaSNL | ||
| 005 | 20260425230338.0 | ||
| 007 | co cg muuua | ||
| 008 | 160526s2015 xo | fs 100 0 slo | ||
| 015 | |a SNBS2017 | ||
| 020 | |a 9788089216765 (elektronická kniha) | ||
| 040 | |a SNK |b slo |c SNK |e AACR2 | ||
| 041 | 0 | |a slo |a cze | |
| 043 | |a e-xo--- | ||
| 044 | |a xo |c SK | ||
| 072 | 7 | |a 620.9 |x Energetika |2 konspekt | |
| 072 | 7 | |a 005 |x Manažment. Riadenie |2 konspekt | |
| 080 | |a 620.9 |2 2011 | ||
| 080 | |a 697.11 |2 2011 | ||
| 080 | |a 620.9:330.567.25 |2 2011 | ||
| 080 | |a 005 |2 2011 | ||
| 080 | |a (062.534) |2 2011 | ||
| 080 | |a (0.034.44) |2 2011 | ||
| 080 | |a (437.6) |2 2011 | ||
| 111 | 2 | |a Energetický manažment |n (1. : |d 2015 : |c Vyhne, Slovensko) |9 422688 | |
| 245 | 1 | 0 | |a Energetický manažment 2015 |h elektronický zdroj |b energetická efektívnosť a energetické služby v praxi : zborník prednášok z vedecko-odbornej konferencie : 9.-10. jún 2015, Vyhne |c editor: Zuzana Švecová |
| 246 | 3 | 3 | |a Energetická efektívnosť a energetické služby v praxi |
| 250 | |a Vyd.: prvé | ||
| 260 | |a Bratislava |b SSTP |c 2015 | ||
| 300 | |a 1 elektronický optický disk (CD-ROM) |b fareb. |c 12 cm | ||
| 500 | |a Názov z titulnej obrazovky | ||
| 504 | |a Bibliogr. odkazy | ||
| 516 | |a Textový dokument (zborník), súbory vo formáte pdf, jpeg | ||
| 530 | |a Vydané aj v tlačenej forme | ||
| 538 | |a Technické požiadavky: PDF prehliadač, prehliadač obrázkov | ||
| 546 | |a Čiast. text v češ. | ||
| 650 | 0 | 7 | |a energetika |2 SNKPH |9 3680 |
| 650 | 0 | 7 | |a energetická náročnosť budov |2 SNKPH |9 98725 |
| 650 | 0 | 7 | |a energetické úspory |2 SNKPH |9 4323 |
| 650 | 0 | 7 | |a manažment |2 SNKPH |9 922 |
| 650 | 0 | 7 | |a Energetics |2 SNKPHeng |9 265211 |
| 650 | 0 | 7 | |a Energy intensiveness of buildings |2 SNKPHeng |9 315553 |
| 650 | 0 | 7 | |a Energy savings |2 SNKPHeng |9 316898 |
| 650 | 0 | 7 | |a Management |2 SNKPHeng |9 265406 |
| 651 | 7 | |a Slovensko |2 SNKPH |9 14231 | |
| 651 | 7 | |a Slovakia |2 SNKPHeng |9 92630 | |
| 655 | 7 | |a elektronické zdroje |2 SNKPH |9 90954 | |
| 655 | 7 | |a CD-ROM |2 SNKPH |9 70236 | |
| 655 | 7 | |a zborníky konferencií |2 SNKPH |9 70153 | |
| 655 | 7 | |a Electronic resources |2 SNKPHeng |9 175546 | |
| 655 | 7 | |a Proceedings of conferences |2 SNKPHeng |9 265791 | |
| 700 | 1 | |a Švecová, Zuzana, |d 1970- |4 edt |9 203643 | |
| 710 | 2 | |a Slovenská spoločnosť pre techniku prostredia |4 pbl |9 222596 | |
| 776 | 1 | |t Energetický manažment 2015 |w vtls011555054 | |
| 919 | |a 978-80-89216-76-5 | ||
| 958 | |a NB | ||
| 999 | |c 673213 |d 675143 | ||
| 952 | |a SNK |b SNK |y PREZ |7 0 |p 17A1196326 |o snkSCDM 8573 |i snk2016/13706 |8 0 |0 0 |1 0 |4 0 |d 2016-05-26 |l 0 |r 2026-02-23 19:32:59 |w 2026-02-23 | ||


